[Event "Vesterhavsturneringen "]
[Site "Esbjerg"]
[Date "1979.07.06"]
[Round "1"]
[White "Hartston, William Roland"]
[Black "Sigurjonsson, Gudmundur"]
[Result "1/2-1/2"]
[WhiteElo "2485"]
[BlackElo "2490"]
[PlyCount "39"]
[EventDate "1979.??.??"]
[EventType "tourn"]
[EventCountry "DEN"]

1. d4 d5 2. c4 c6 3. Nf3 Nf6 4. e3 Bf5 5. cxd5 cxd5 6. Nc3 e6 7. Ne5 Nfd7 8. g4
Bg6 9. Nxg6 hxg6 10. Bg2 Nc6 11. h3 Be7 12. O-O Nb6 13. b3 Rc8 14. Bd2 O-O 15.
f4 g5 16. f5 e5 17. dxe5 Nxe5 18. Be1 Bc5 19. Bf2 Re8 20. Nb5 1/2-1/2

[Event "Vesterhavsturneringen "]
[Site "Esbjerg"]
[Date "1979.07.06"]
[Round "1"]
[White "Fedder, Steen"]
[Black "Vadasz, Laszlo"]
[Result "0-1"]
[WhiteElo "2415"]
[BlackElo "2490"]
[PlyCount "84"]
[EventDate "1979.??.??"]
[EventType "tourn"]
[EventCountry "DEN"]

1. d4 Nf6 2. c4 e6 3. g3 c5 4. Nf3 cxd4 5. Nxd4 d5 6. Bg2 e5 7. Nb5 a6 8. N5c3
d4 9. Nd5 Nxd5 10. cxd5 Bc5 11. O-O O-O 12. e3 Nd7 13. exd4 Bxd4 14. Nd2 Nf6
15. Qb3 Bg4 16. h3 Bh5 17. Re1 Qa5 18. g4 Bg6 19. Nf3 Ne4 20. Re2 Rfe8 21. Be3
Nc5 22. Qd1 Bd3 23. Qd2 Qb5 24. Bxd4 Bxe2 25. Nxe5 f6 26. Nf3 Rad8 27. Nh4 Ne4
28. Qe3 Ng5 29. Qb3 Bc4 30. Qxb5 axb5 31. Bb6 Rd7 32. Rd1 Bxa2 33. d6 g6 34.
Nf3 Ne4 35. Bc7 f5 36. gxf5 gxf5 37. Nd4 Nxd6 38. Nxb5 Nxb5 39. Rxd7 Be6 40.
Bd5 Bxd5 41. Rxd5 Nxc7 42. Rd7 Rc8 0-1

[Event "Vesterhavsturneringen "]
[Site "Esbjerg"]
[Date "1979.07.06"]
[Round "1"]
[White "Kristiansen, Jens"]
[Black "Sloth, Jorn"]
[Result "0-1"]
[WhiteElo "2365"]
[BlackElo "2400"]
[PlyCount "82"]
[EventDate "1979.??.??"]
[EventType "tourn"]
[EventCountry "DEN"]

1. e4 c6 2. d3 d5 3. Nd2 Nd7 4. Ngf3 Qc7 5. g3 Ngf6 6. Bg2 dxe4 7. dxe4 e5 8.
O-O Bc5 9. b3 O-O 10. Bb2 b6 11. Ne1 Ba6 12. c4 Rad8 13. Qc2 Rfe8 14. Nd3 Bd4
15. Bxd4 exd4 16. h3 Nh5 17. Kh2 g6 18. f4 f6 19. Rae1 c5 20. Nf3 Bb7 21. e5
Bxf3 22. Bxf3 fxe5 23. Bd5+ Kh8 24. f5 e4 25. Nf4 Nxg3 26. Kxg3 g5 27. Rxe4 Nf6
28. Rxe8+ Rxe8 29. Be6 Nh5+ 30. Kg4 Nxf4 31. Qe4 Qg7 32. Re1 Rf8 33. Qe5 h5+
34. Kg3 Qxe5 35. Rxe5 Kg7 36. h4 Kf6 37. Re1 Nxe6 38. fxe6 gxh4+ 39. Kxh4 Re8
40. Kxh5 Rxe6 41. Rf1+ Ke7 0-1

[Event "Vesterhavsturneringen "]
[Site "Esbjerg"]
[Date "1979.07.06"]
[Round "1"]
[White "Castro, Oscar"]
[Black "Fries Nielsen, Jens Ove"]
[Result "1/2-1/2"]
[WhiteElo "2430"]
[BlackElo "2310"]
[PlyCount "84"]
[EventDate "1979.??.??"]
[EventType "tourn"]
[EventCountry "DEN"]

1. e4 e6 2. d4 d5 3. e5 c5 4. c3 Nc6 5. Nf3 Bd7 6. Be2 f6 7. exf6 Nxf6 8. O-O
cxd4 9. cxd4 Bd6 10. Nc3 O-O 11. Re1 a6 12. Bg5 Qc7 13. Bh4 Nh5 14. Rc1 Nf4 15.
Bg3 Be8 16. Ng5 Qe7 17. Nf3 Bh5 18. Ne5 Nxe2+ 19. Nxe2 Nxe5 20. dxe5 Bb4 21.
Rf1 Rac8 22. f3 Qg5 23. Bf4 Qe7 24. Be3 Rxc1 25. Qxc1 Qd7 26. Bd4 Rc8 27. Qg5
Bf7 28. Rc1 h6 29. Qe3 Be7 30. Rxc8+ Qxc8 31. Kf2 Qc4 32. Qc3 Bb4 33. Qxc4 dxc4
34. Bb6 Bd2 35. Nd4 Bf4 36. Bc7 Bc1 37. b3 cxb3 38. Nxb3 Ba3 39. Bd6 Bb2 40.
Ke3 b6 41. Bc7 Bg6 42. Bxb6 Bxe5 1/2-1/2

[Event "Vesterhavsturneringen "]
[Site "Esbjerg"]
[Date "1979.07.06"]
[Round "1"]
[White "Mestel, Jonathan"]
[Black "Mortensen, Erling"]
[Result "1-0"]
[WhiteElo "2475"]
[BlackElo "2365"]
[PlyCount "59"]
[EventDate "1979.??.??"]
[EventType "tourn"]
[EventCountry "DEN"]

1. e4 c5 2. Nf3 e6 3. d4 cxd4 4. Nxd4 Nf6 5. Nc3 d6 6. Be2 Be7 7. O-O Nc6 8.
Be3 O-O 9. f4 e5 10. Nb3 exf4 11. Rxf4 Nd7 12. Rf1 Nde5 13. Qd2 Be6 14. Nd5 h6
15. Rad1 Bg5 16. Kh1 Bxd5 17. Bxg5 Qxg5 18. Qxg5 hxg5 19. Rxd5 Nb4 20. Rd2 Rfc8
21. c3 Nxa2 22. Rxd6 f6 23. Nd4 Nxc3 24. bxc3 Rxc3 25. Nf3 Re3 26. Bd1 Rxe4 27.
Bb3+ Kf8 28. Bd5 Re3 29. Re6 Rd8 30. Nxe5 1-0

[Event "Vesterhavsturneringen "]
[Site "Esbjerg"]
[Date "1979.07.06"]
[Round "1"]
[White "Westerinen, Heikki"]
[Black "Knudsen, Per"]
[Result "1/2-1/2"]
[WhiteElo "2465"]
[BlackElo "2390"]
[PlyCount "118"]
[EventDate "1979.??.??"]
[EventType "tourn"]
[EventCountry "DEN"]

1. e4 e6 2. d4 d5 3. Nc3 Nf6 4. Bg5 Be7 5. e5 Nfd7 6. Bxe7 Qxe7 7. f4 a6 8. Qd2
c5 9. Nf3 Nc6 10. g3 O-O 11. Bg2 f6 12. exf6 Nxf6 13. dxc5 Qxc5 14. O-O-O b5
15. Nd4 Bd7 16. Nxc6 Bxc6 17. Qd4 Qd6 18. Rhe1 b4 19. Ne4 Nxe4 20. Rxe4 a5 21.
Re5 Rad8 22. Rde1 Rf6 23. Bh3 Bd7 24. f5 exf5 25. Rxd5 Qc6 26. Bxf5 Rxf5 27.
Rxf5 Qxc2+ 28. Kxc2 Bxf5+ 29. Qe4 Bxe4+ 30. Rxe4 Rd5 31. Re7 h5 32. Ra7 Kh7 33.
Ra6 g6 34. Ra7+ Kh6 35. Rf7 Kg5 36. Rf2 Kg4 37. Kb3 g5 38. Kc4 Re5 39. Kd4 Re1
40. Kc4 Re5 41. Kd4 Re1 42. Kc4 h4 43. gxh4 gxh4 44. Kb5 Re5+ 45. Ka4 Rd5 46.
b3 Kh3 47. Rc2 Rg5 48. Rc4 Rh5 49. Rc2 Rd5 50. Rc4 Rg5 51. Rd4 Rg4 52. Rc4 Rg2
53. Kxa5 Rxh2 54. Kxb4 Rxa2 55. Rc8 Rf2 56. Rh8 Rf4+ 57. Kc5 Kg3 58. b4 h3 59.
b5 Rh4 1/2-1/2

[Event "Vesterhavsturneringen "]
[Site "Esbjerg"]
[Date "1979.07.07"]
[Round "2"]
[White "Ost Hansen, Jacob"]
[Black "Kristiansen, Jens"]
[Result "1/2-1/2"]
[WhiteElo "2380"]
[BlackElo "2365"]
[PlyCount "27"]
[EventDate "1979.??.??"]
[EventType "tourn"]
[EventCountry "DEN"]

1. e4 c5 2. d3 Nc6 3. g3 g6 4. Bg2 Bg7 5. Nc3 d6 6. Nh3 e5 7. f4 Nge7 8. O-O
exf4 9. Bxf4 h6 10. Be3 g5 11. Qh5 Ne5 12. Nf2 Be6 13. Bh3 Qd7 14. Bxe6 1/2-1/2

[Event "Vesterhavsturneringen "]
[Site "Esbjerg"]
[Date "1979.07.07"]
[Round "2"]
[White "Vadasz, Laszlo"]
[Black "Hartston, William Roland"]
[Result "1-0"]
[WhiteElo "2490"]
[BlackElo "2485"]
[PlyCount "69"]
[EventDate "1979.??.??"]
[EventType "tourn"]
[EventCountry "DEN"]

1. Nf3 Nf6 2. g3 g6 3. b3 Bg7 4. Bb2 O-O 5. Bg2 d6 6. d4 c5 7. O-O cxd4 8. Nxd4
d5 9. c4 dxc4 10. bxc4 Na6 11. Nc3 Nd7 12. e3 Ndc5 13. Qe2 Bd7 14. Rfd1 Qc8 15.
Nd5 Re8 16. Nb5 Bg4 17. f3 Bxb2 18. Qxb2 Be6 19. a4 Nd7 20. h4 Qc5 21. Nd4 Nb6
22. Nxb6 axb6 23. f4 Bg4 24. Re1 e5 25. fxe5 Qxe5 26. Bxb7 Qxg3+ 27. Qg2 Qxg2+
28. Kxg2 Ra7 29. Bc6 Rb8 30. Kg3 h5 31. a5 Nc5 32. Reb1 Ra6 33. Rb5 Nd7 34.
Rab1 Ne5 35. Rxe5 1-0

[Event "Vesterhavsturneringen "]
[Site "Esbjerg"]
[Date "1979.07.07"]
[Round "2"]
[White "Sloth, Jorn"]
[Black "Mestel, Jonathan"]
[Result "0-1"]
[WhiteElo "2400"]
[BlackElo "2475"]
[PlyCount "72"]
[EventDate "1979.??.??"]
[EventType "tourn"]
[EventCountry "DEN"]

1. c4 g6 2. g3 Bg7 3. Bg2 e5 4. Nc3 d6 5. d3 f5 6. e4 Nc6 7. Nge2 Nf6 8. O-O
O-O 9. Nd5 Nxd5 10. cxd5 Ne7 11. Be3 c6 12. dxc6 bxc6 13. Qb3+ Kh8 14. Rac1 h6
15. f4 Kh7 16. fxe5 Bxe5 17. Nf4 fxe4 18. dxe4 Rf6 19. Nd3 Be6 20. Qa3 Rxf1+
21. Rxf1 Bg7 22. Rd1 Bg8 23. Rd2 a5 24. Nf2 Nc8 25. Qa4 Nb6 26. Bxb6 Qxb6 27.
e5 d5 28. Re2 Re8 29. Qf4 Rf8 30. Qe3 d4 31. Qd3 Bxa2 32. Ng4 c5 33. Rd2 Be6
34. Bh3 h5 35. Nf6+ Bxf6 36. Bxe6 Bg5 0-1

[Event "Vesterhavsturneringen "]
[Site "Esbjerg"]
[Date "1979.07.07"]
[Round "2"]
[White "Mortensen, Erling"]
[Black "Fedder, Steen"]
[Result "0-1"]
[WhiteElo "2365"]
[BlackElo "2415"]
[PlyCount "68"]
[EventDate "1979.??.??"]
[EventType "tourn"]
[EventCountry "DEN"]

1. c4 Nf6 2. Nc3 d5 3. cxd5 Nxd5 4. g3 g6 5. Bg2 c6 6. Nf3 Bg7 7. O-O O-O 8. d4
Nd7 9. e4 Nxc3 10. bxc3 Qa5 11. Qb3 c5 12. Ba3 e5 13. d5 Nb6 14. Rfc1 Bd7 15.
c4 Nc8 16. Bb2 f6 17. Bc3 Qa4 18. Nd2 Nd6 19. f4 Rae8 20. Rf1 Bh6 21. h4 Qa6
22. Kh2 Bg7 23. fxe5 fxe5 24. a4 Bg4 25. Rae1 Rxf1 26. Bxf1 Rf8 27. Bd3 g5 28.
hxg5 Nf7 29. Be2 Bxe2 30. Rxe2 Nxg5 31. Kg1 Qg6 32. Bb2 Nh3+ 33. Kh1 Qh5 34.
Rh2 Nf2+ 0-1

[Event "Vesterhavsturneringen "]
[Site "Esbjerg"]
[Date "1979.07.07"]
[Round "2"]
[White "Castro, Oscar"]
[Black "Westerinen, Heikki"]
[Result "1/2-1/2"]
[WhiteElo "2430"]
[BlackElo "2465"]
[PlyCount "67"]
[EventDate "1979.??.??"]
[EventType "tourn"]
[EventCountry "DEN"]

1. e4 e5 2. Nf3 Nc6 3. d4 exd4 4. Nxd4 Bc5 5. Be3 Qf6 6. c3 Nge7 7. g3 d5 8.
Bg2 dxe4 9. Nd2 Bxd4 10. cxd4 Be6 11. Nxe4 Qg6 12. Nc5 Bd5 13. Bxd5 Nxd5 14.
Qb3 Nce7 15. Qxb7 O-O 16. Qa6 Nf5 17. Qxg6 fxg6 18. O-O Rfe8 19. Rfe1 Rab8 20.
b3 Ndxe3 21. fxe3 Nxe3 22. Na6 Nc2 23. Nxb8 Rxb8 24. Kf2 a5 25. Rab1 Nxe1 26.
Kxe1 Rb4 27. Rc1 Rxd4 28. Rxc7 Rd5 29. Rb7 Rh5 30. h4 Re5+ 31. Kd2 g5 32. a4
gxh4 33. gxh4 Kf8 34. Kc3 1/2-1/2

[Event "Vesterhavsturneringen "]
[Site "Esbjerg"]
[Date "1979.07.07"]
[Round "2"]
[White "Fries Nielsen, Jens Ove"]
[Black "Sigurjonsson, Gudmundur"]
[Result "1/2-1/2"]
[WhiteElo "2310"]
[BlackElo "2490"]
[PlyCount "85"]
[EventDate "1979.??.??"]
[EventType "tourn"]
[EventCountry "DEN"]

1. Nf3 g6 2. e4 Bg7 3. d4 d6 4. Be2 Nf6 5. Nc3 O-O 6. O-O c6 7. a4 a5 8. h3 Na6
9. Be3 Nb4 10. Nd2 d5 11. e5 Ne8 12. f4 f5 13. Ncb1 Nc7 14. c3 Nba6 15. Na3 b6
16. Nc2 Ne6 17. b4 axb4 18. cxb4 c5 19. b5 Nac7 20. Nb3 c4 21. Nd2 g5 22. g3
gxf4 23. gxf4 Bh6 24. Kh2 Kh8 25. Qe1 Rg8 26. Qh4 Qf8 27. Bf3 Rb8 28. Nb4 Bb7
29. Nb1 Nxd4 30. Bxd4 Ne6 31. Be3 d4 32. Bc1 Bxf3 33. Rxf3 Qg7 34. Qf2 Ra8 35.
Raa3 c3 36. Nd3 Qf7 37. Qh4 Rg6 38. Rg3 Rag8 39. Rxg6 Qxg6 40. Qf2 Qh5 41. Nxc3
dxc3 42. Rxc3 Rd8 43. Qxb6 1/2-1/2

[Event "Vesterhavsturneringen "]
[Site "Esbjerg"]
[Date "1979.07.10"]
[Round "2"]
[White "Knudsen, Per"]
[Black "Reshevsky, Samuel"]
[Result "0-1"]
[WhiteElo "2390"]
[BlackElo "2485"]
[PlyCount "96"]
[EventDate "1979.??.??"]
[EventType "tourn"]
[EventCountry "DEN"]

1. Nf3 Nf6 2. c4 d6 3. d4 g6 4. Nc3 Bg7 5. g3 O-O 6. Bg2 Nbd7 7. O-O e5 8. e4
c6 9. Rb1 a5 10. b3 Re8 11. Re1 exd4 12. Nxd4 Ng4 13. f3 Qb6 14. Nce2 Nge5 15.
Be3 Nc5 16. Qd2 Qb4 17. Nc3 a4 18. a3 Qxa3 19. Nc2 Qxb3 20. Rxb3 Nxb3 21. Qe2
Be6 22. Nd5 cxd5 23. cxd5 Bd7 24. Na3 Rec8 25. h3 b5 26. Nxb5 Nc4 27. Na7 Nxe3
28. Nxc8 Rxc8 29. Qa6 Bd4 30. Kh1 Rc2 31. Re2 Rc1+ 32. Kh2 Nc4 33. f4 h5 34.
Qb7 Nc5 35. Qb8+ Kg7 36. e5 Bg1+ 37. Kh1 Ne4 38. Bf1 Rxf1 39. Kg2 Ne3+ 40. Rxe3
Bxh3+ 41. Kxh3 Bxe3 42. e6 Rf3 43. Qb2+ f6 44. e7 Rxg3+ 45. Kh2 Bxf4 46. Kh1
Kf7 47. Qb7 Nf2+ 48. Kh2 Rg4# 0-1

[Event "Vesterhavsturneringen "]
[Site "Esbjerg"]
[Date "1979.07.08"]
[Round "3"]
[White "Mestel, Jonathan"]
[Black "Ost Hansen, Jacob"]
[Result "1-0"]
[WhiteElo "2475"]
[BlackElo "2380"]
[PlyCount "69"]
[EventDate "1979.??.??"]
[EventType "tourn"]
[EventCountry "DEN"]

1. e4 c6 2. c4 e5 3. Nf3 d6 4. d4 Nd7 5. Nc3 Ngf6 6. Be2 g6 7. Bg5 h6 8. Bh4
Bg7 9. d5 Qc7 10. Nd2 a6 11. b4 c5 12. a3 b6 13. Rb1 Nh7 14. Na4 h5 15. f3 Bf6
16. Bf2 Bg5 17. Nb3 O-O 18. O-O f5 19. Qd3 fxe4 20. Qxe4 Kg7 21. Bd3 Rf6 22.
bxc5 bxc5 23. Be1 Ndf8 24. Na5 Rb8 25. Rxb8 Qxb8 26. Bc3 Bd7 27. Rb1 Qe8 28.
Rb7 Kh6 29. Nb6 Bf5 30. Qe2 Bxd3 31. Qxd3 Rf4 32. Nc6 h4 33. Qe2 Rf5 34. Rc7
Bf4 35. g3 1-0

[Event "Vesterhavsturneringen "]
[Site "Esbjerg"]
[Date "1979.07.08"]
[Round "3"]
[White "Hartston, William Roland"]
[Black "Mortensen, Erling"]
[Result "1/2-1/2"]
[WhiteElo "2485"]
[BlackElo "2365"]
[PlyCount "136"]
[EventDate "1979.??.??"]
[EventType "tourn"]
[EventCountry "DEN"]

1. d4 Nf6 2. c4 e6 3. Nf3 d5 4. Nc3 Bb4 5. a3 Bxc3+ 6. bxc3 c5 7. e3 O-O 8. a4
Qa5 9. Qc2 cxd4 10. exd4 Nc6 11. Be2 dxc4 12. Bxc4 e5 13. O-O exd4 14. Nxd4
Nxd4 15. cxd4 Be6 16. Bxe6 fxe6 17. Rb1 Rf7 18. Rb5 Qd8 19. Qb3 Qd7 20. Re5 Nd5
21. Rfe1 Rc8 22. Bd2 Rf6 23. h4 h6 24. a5 b6 25. axb6 axb6 26. Qh3 Rc2 27. Qd3
Ra2 28. R5e2 b5 29. g4 Nf4 30. Bxf4 Rxe2 31. Rxe2 Rxf4 32. Re4 Rf8 33. g5 hxg5
34. hxg5 Rf5 35. Rg4 g6 36. Qg3 Rd5 37. Rh4 Qd8 38. Rg4 b4 39. Qd3 Kg7 40. Qe3
Qd6 41. Qh3 Qf8 42. Kf1 Rf5 43. Rh4 Qg8 44. d5 Rxd5 45. Rxb4 Rxg5 46. Rb7+ Kf6
47. f4 Rd5 48. Qh4+ g5 49. Qh6+ Kf5 50. Rg7 Qd8 51. Rxg5+ Ke4 52. Qxe6+ Kd4 53.
Rg2 Qd6 54. Rd2+ Kc5 55. Qc8+ Kb6 56. Rb2+ Rb5 57. Rxb5+ Kxb5 58. Qf5+ Kc6 59.
Ke2 Qd5 60. Qc2+ Kd6 61. Kf2 Ke7 62. Qh7+ Qf7 63. Qe4+ Qe6 64. Qd4 Kf7 65. Qc3
Qe4 66. Kg3 Qg6+ 67. Kf3 Qh5+ 68. Ke4 Qg6+ 1/2-1/2

[Event "Vesterhavsturneringen "]
[Site "Esbjerg"]
[Date "1979.07.08"]
[Round "3"]
[White "Kristiansen, Jens"]
[Black "Knudsen, Per"]
[Result "1-0"]
[WhiteElo "2365"]
[BlackElo "2390"]
[PlyCount "81"]
[EventDate "1979.??.??"]
[EventType "tourn"]
[EventCountry "DEN"]

1. e4 e6 2. d4 d5 3. Nd2 Nf6 4. e5 Nfd7 5. f4 c5 6. c3 Nc6 7. Ndf3 cxd4 8. cxd4
Bb4+ 9. Bd2 Qb6 10. Bxb4 Qxb4+ 11. Qd2 Qxd2+ 12. Kxd2 f6 13. Bd3 g5 14. exf6 g4
15. Ne5 Nxd4 16. Nxg4 O-O 17. Nf3 Nc6 18. Ng5 Nxf6 19. Nxf6+ Rxf6 20. Bxh7+ Kg7
21. Raf1 Bd7 22. Bb1 Re8 23. h4 Nd4 24. g3 Bb5 25. Re1 a5 26. Bd3 Bxd3 27. Kxd3
Nc6 28. Rhf1 e5 29. fxe5 Nxe5+ 30. Kd4 Nc6+ 31. Kxd5 Nb4+ 32. Kc4 b5+ 33. Kxb5
Rb8+ 34. Ka4 Rd6 35. Re6 Rd7 36. h5 Nd5 37. Rg6+ Kh8 38. Nf7+ Kh7 39. Ng5+ Kh8
40. Rf7 Nb6+ 41. Rxb6 1-0

[Event "Vesterhavsturneringen "]
[Site "Esbjerg"]
[Date "1979.07.08"]
[Round "3"]
[White "Sigurjonsson, Gudmundur"]
[Black "Vadasz, Laszlo"]
[Result "0-1"]
[WhiteElo "2490"]
[BlackElo "2490"]
[PlyCount "84"]
[EventDate "1979.??.??"]
[EventType "tourn"]
[EventCountry "DEN"]

1. e4 c6 2. d4 d5 3. Nd2 dxe4 4. Nxe4 Bf5 5. Ng3 Bg6 6. Nf3 Nd7 7. Bd3 Ngf6 8.
O-O e6 9. Re1 Be7 10. c4 O-O 11. Bxg6 hxg6 12. b3 a5 13. Bb2 a4 14. Qc2 Bb4 15.
Re2 Qb6 16. Rd1 axb3 17. axb3 Rfd8 18. h4 Qa5 19. Ng5 Bd6 20. Rd3 b5 21. Rf3
bxc4 22. bxc4 Rdb8 23. c5 Bxg3 24. Rxg3 Qa4 25. Qc1 Rb3 26. Ree3 Rxe3 27. Rxe3
Rb8 28. Ra3 Qb5 29. Bc3 Nd5 30. Ra7 Nf8 31. Bd2 Qd3 32. Ra3 Qxd4 33. Nf3 Qe4
34. Ra1 f6 35. Qa3 e5 36. Qa6 Nc7 37. Qa2+ Qd5 38. Be3 Qxa2 39. Rxa2 Nfe6 40.
Kf1 Nd5 41. Ra6 Rc8 42. Ra5 Nd8 0-1

[Event "Vesterhavsturneringen "]
[Site "Esbjerg"]
[Date "1979.07.08"]
[Round "3"]
[White "Reshevsky, Samuel"]
[Black "Castro, Oscar"]
[Result "1/2-1/2"]
[WhiteElo "2485"]
[BlackElo "2430"]
[PlyCount "121"]
[EventDate "1979.??.??"]
[EventType "tourn"]
[EventCountry "DEN"]

1. c4 Nf6 2. Nc3 d5 3. d4 dxc4 4. e4 e5 5. Nf3 exd4 6. Bxc4 Nc6 7. Nd5 Bg4 8.
Qb3 Na5 9. Qa4+ c6 10. Nxf6+ gxf6 11. Bd3 b5 12. Qc2 Bb4+ 13. Nd2 Be6 14. O-O
Qd6 15. f4 Qc5 16. Qd1 Nc4 17. Nf3 Ne3 18. Bxe3 dxe3 19. Qe2 Rd8 20. Rfd1 Rg8
21. f5 Bc4 22. Bxc4 Rxd1+ 23. Rxd1 Qxc4 24. Qxc4 bxc4 25. Rc1 e2 26. Kf2 Bc5+
27. Kxe2 Rxg2+ 28. Kd1 Rxb2 29. Rxc4 Bb6 30. Rc2 Rb1+ 31. Ke2 Kd7 32. Kd3 Rf1
33. Nd2 Rf2 34. Nc4 Rf3+ 35. Ke2 Rh3 36. Kf1 Bc7 37. Kg1 c5 38. Re2 Be5 39. Rc2
Kc6 40. a4 h5 41. Na5+ Kd7 42. Rxc5 Bd4+ 43. Kg2 Rxh2+ 44. Kxh2 Bxc5 45. Kg3
Bb6 46. Nb3 Kd6 47. a5 Be3 48. Kf3 Bh6 49. a6 Bg5 50. Na5 Bh6 51. Kg3 Kc7 52.
Nc4 Kc6 53. e5 Kd5 54. Nb6+ Kxe5 55. Kf3 Kd6 56. Nc8+ Kc7 57. Nxa7 Kb6 58. Nb5
Kxa6 59. Nd6 Bf8 60. Nxf7 Kb5 61. Kg3 1/2-1/2

[Event "Vesterhavsturneringen "]
[Site "Esbjerg"]
[Date "1979.07.08"]
[Round "3"]
[White "Westerinen, Heikki"]
[Black "Fries Nielsen, Jens Ove"]
[Result "1-0"]
[WhiteElo "2465"]
[BlackElo "2310"]
[PlyCount "79"]
[EventDate "1979.??.??"]
[EventType "tourn"]
[EventCountry "DEN"]

1. e4 d6 2. d4 Nf6 3. Nc3 g6 4. f4 Bg7 5. Nf3 O-O 6. Be3 Na6 7. Qe2 c5 8. O-O-O
Qa5 9. e5 Nh5 10. Qb5 Qxb5 11. Bxb5 cxd4 12. Rxd4 Bg4 13. Nd5 Bxf3 14. Nxe7+
Kh8 15. gxf3 dxe5 16. fxe5 Nc7 17. Bc4 Bxe5 18. Re4 Bg7 19. Bc5 Ne6 20. Bb4 Nf6
21. Ree1 Nd4 22. Rhf1 b5 23. Bd3 Rfd8 24. Be4 Nxe4 25. fxe4 a5 26. Bc3 b4 27.
Bxd4 Rxd4 28. Rxf7 Bh6+ 29. Kb1 Bd2 30. Rd1 Rxe4 31. a4 Re2 32. h4 b3 33. cxb3
Rb8 34. Nd5 Bh6 35. Nc3 Rd2 36. Rxd2 Bxd2 37. Ne4 Bh6 38. Ra7 Rb4 39. Nf6 Rxh4
40. Rxh7# 1-0

[Event "Vesterhavsturneringen "]
[Site "Esbjerg"]
[Date "1979.07.08"]
[Round "3"]
[White "Fedder, Steen"]
[Black "Sloth, Jorn"]
[Result "1-0"]
[WhiteElo "2415"]
[BlackElo "2400"]
[PlyCount "80"]
[EventDate "1979.??.??"]
[EventType "tourn"]
[EventCountry "DEN"]

1. e4 e6 2. d4 d5 3. Nc3 Bb4 4. e5 c5 5. Bd2 Ne7 6. Nb5 Bxd2+ 7. Qxd2 O-O 8. c3
Bd7 9. dxc5 Bxb5 10. Bxb5 Nd7 11. Nf3 Nxc5 12. O-O Qb6 13. Nd4 Rac8 14. Rfe1
Ng6 15. f3 a6 16. Bf1 f6 17. exf6 e5 18. fxg7 Kxg7 19. Kh1 exd4 20. Qxd4+ Qf6
21. Rad1 Qxd4 22. Rxd4 Rcd8 23. Red1 Rf5 24. Kg1 Kf6 25. Kf2 b5 26. g3 Ne5 27.
Be2 Nc6 28. Rh4 Kg7 29. Kg2 Re8 30. Rd2 h6 31. Bd1 Rd8 32. Bc2 Rf6 33. Rh5 Ne7
34. Re5 Rd7 35. g4 Re6 36. Rxe6 Nxe6 37. a4 Rd6 38. axb5 axb5 39. Kg3 Nc6 40.
h4 Kf6 1-0

[Event "Vesterhavsturneringen "]
[Site "Esbjerg"]
[Date "1979.07.09"]
[Round "4"]
[White "Mortensen, Erling"]
[Black "Sigurjonsson, Gudmundur"]
[Result "1/2-1/2"]
[WhiteElo "2365"]
[BlackElo "2490"]
[PlyCount "81"]
[EventDate "1979.??.??"]
[EventType "tourn"]
[EventCountry "DEN"]

1. c4 c6 2. e4 d5 3. exd5 cxd5 4. cxd5 Nf6 5. Nc3 Nxd5 6. Nf3 Nc6 7. d4 Bg4 8.
Be2 e6 9. h3 Bh5 10. O-O Be7 11. Qb3 Qb6 12. Nxd5 Qxb3 13. axb3 exd5 14. Be3
Bd6 15. g4 Bg6 16. Ne5 Bxe5 17. dxe5 d4 18. Bd2 O-O-O 19. f4 Be4 20. Bf3 Bxf3
21. Rxf3 h5 22. Kg2 hxg4 23. hxg4 Rh4 24. Kg3 Rdh8 25. Rg1 Rh2 26. Rg2 Rh1 27.
b4 a6 28. Kf2 Kc7 29. Ke2 R8h3 30. Rgg3 R3h2+ 31. Rf2 Kb6 32. Rxh2 Rxh2+ 33.
Kd3 Kb5 34. b3 g6 35. Rg1 g5 36. Rf1 Rg2 37. fxg5 Rxg4 38. Rf5 Kb6 39. Bf4 Rg1
40. Rxf7 Rxg5 41. Bxg5 1/2-1/2

[Event "Vesterhavsturneringen "]
[Site "Esbjerg"]
[Date "1979.07.09"]
[Round "4"]
[White "Knudsen, Per"]
[Black "Mestel, Jonathan"]
[Result "0-1"]
[WhiteElo "2390"]
[BlackElo "2475"]
[PlyCount "80"]
[EventDate "1979.??.??"]
[EventType "tourn"]
[EventCountry "DEN"]

1. Nf3 g6 2. c4 Bg7 3. d4 d6 4. Nc3 Bg4 5. g3 Bxf3 6. exf3 Nf6 7. Qb3 Qc8 8.
Bg2 O-O 9. O-O Nbd7 10. Re1 Re8 11. Bh3 c6 12. d5 Qc7 13. f4 Nc5 14. Qc2 b5 15.
b4 Na6 16. Rb1 cxd5 17. cxb5 d4 18. bxa6 dxc3 19. Bg2 d5 20. Be3 e6 21. Bd4 Nd7
22. Bxg7 Kxg7 23. Rb3 Rac8 24. Rc1 d4 25. Qd3 Qc4 26. Qxc4 Rxc4 27. Bf1 Rcc8
28. a4 e5 29. fxe5 Nxe5 30. Kg2 Red8 31. b5 Nc4 32. Bd3 Nb2 33. Bb1 Nxa4 34.
Ra3 Nb6 35. Bd3 Nc4 36. Rb3 Ne5 37. Be4 Rc7 38. f4 Nc4 39. Bd3 Nb6 40. Re1 Na4
0-1

[Event "Vesterhavsturneringen "]
[Site "Esbjerg"]
[Date "1979.07.09"]
[Round "4"]
[White "Fries Nielsen, Jens Ove"]
[Black "Vadasz, Laszlo"]
[Result "0-1"]
[WhiteElo "2310"]
[BlackElo "2490"]
[PlyCount "66"]
[EventDate "1979.??.??"]
[EventType "tourn"]
[EventCountry "DEN"]

1. Nf3 Nf6 2. g3 b5 3. Bg2 Bb7 4. O-O e6 5. d3 Be7 6. e4 d6 7. Nbd2 O-O 8. Re1
c5 9. a4 a6 10. axb5 axb5 11. Rxa8 Bxa8 12. c3 Nbd7 13. d4 cxd4 14. cxd4 Qc7
15. Bf1 Rc8 16. Bd3 h6 17. Qe2 b4 18. Nb3 Qa7 19. h3 Qa2 20. Nbd2 Bb7 21. Kh2
Nb6 22. Bb1 Qa5 23. e5 dxe5 24. dxe5 Ba6 25. Bd3 Bxd3 26. Qxd3 Nfd7 27. Nb3 Qd5
28. Nbd4 Nc4 29. Qc2 Rc5 30. Qa4 Ncxe5 31. Be3 Ra5 32. Qd1 Bc5 33. Nxe5 Nxe5
0-1

[Event "Vesterhavsturneringen "]
[Site "Esbjerg"]
[Date "1979.07.09"]
[Round "4"]
[White "Castro, Oscar"]
[Black "Kristiansen, Jens"]
[Result "1-0"]
[WhiteElo "2430"]
[BlackElo "2365"]
[PlyCount "89"]
[EventDate "1979.??.??"]
[EventType "tourn"]
[EventCountry "DEN"]

1. e4 c5 2. c3 Nf6 3. e5 Nd5 4. d4 cxd4 5. Nf3 Nc6 6. cxd4 d6 7. Bc4 Nb6 8. Bb5
d5 9. Nc3 Bg4 10. h3 Bxf3 11. Qxf3 e6 12. O-O a6 13. Bxc6+ bxc6 14. Be3 Be7 15.
Qg4 Kf8 16. Rac1 h5 17. Qd1 g6 18. Ne2 Qc7 19. Nf4 Kg7 20. Nd3 a5 21. a4 Nd7
22. Rc3 Rhc8 23. Qe2 Rab8 24. Rfc1 Rb6 25. g4 hxg4 26. hxg4 Qb7 27. f3 Rb3 28.
Qc2 Rxc3 29. Qxc3 Qb6 30. Kg2 Qa6 31. Kg3 Rh8 32. Kg2 Nb6 33. b3 Nd7 34. Qd2
Qb6 35. Rc3 Rc8 36. Qc1 Kg8 37. Bf2 Kg7 38. f4 f5 39. exf6+ Nxf6 40. Ne5 Rb8
41. Rh3 Rb7 42. f5 Ng8 43. fxg6 Bf6 44. Rh7+ Kf8 45. Nd7+ 1-0

[Event "Vesterhavsturneringen "]
[Site "Esbjerg"]
[Date "1979.07.09"]
[Round "4"]
[White "Ost Hansen, Jacob"]
[Black "Fedder, Steen"]
[Result "1-0"]
[WhiteElo "2380"]
[BlackElo "2415"]
[PlyCount "62"]
[EventDate "1979.??.??"]
[EventType "tourn"]
[EventCountry "DEN"]

1. e4 d5 2. exd5 Qxd5 3. Nc3 Qa5 4. d4 Nf6 5. Nf3 c6 6. Ne5 Bf5 7. Bd3 Bxd3 8.
Qxd3 e6 9. O-O Na6 10. Bf4 Nb4 11. Qd2 Be7 12. a3 Na6 13. b4 Qd8 14. Rad1 Rc8
15. Ne2 O-O 16. c4 Nc7 17. Qc3 Nce8 18. Qf3 Nd6 19. Ng3 a5 20. c5 Nb5 21. a4
Nc7 22. bxa5 Ncd5 23. Bd2 Nd7 24. Nc4 Bf6 25. Qe4 e5 26. dxe5 Nxc5 27. Qg4 Be7
28. Bh6 g6 29. Bxf8 Bxf8 30. Nb6 Rc7 31. Nh5 Nd7 1-0

[Event "Vesterhavsturneringen "]
[Site "Esbjerg"]
[Date "1979.07.09"]
[Round "4"]
[White "Sloth, Jorn"]
[Black "Hartston, William Roland"]
[Result "1/2-1/2"]
[WhiteElo "2400"]
[BlackElo "2485"]
[PlyCount "25"]
[EventDate "1979.??.??"]
[EventType "tourn"]
[EventCountry "DEN"]

1. c4 c5 2. Nf3 Nf6 3. g3 b6 4. Bg2 Bb7 5. O-O g6 6. b3 Bg7 7. Bb2 O-O 8. Nc3
Na6 9. d4 d5 10. dxc5 Nxc5 11. Nxd5 Nxd5 12. Bxg7 Kxg7 13. cxd5 1/2-1/2